The All-Pakistan legal decisions (PLD) Lahore 1914-1947. (Record no. 566056)
[ view plain ]
| 000 -LEADER | |
|---|---|
| fixed length control field | 01112cam a2200277 4500 |
| 001 - CONTROL NUMBER | |
| control field | 1256719 |
| 003 - CONTROL NUMBER IDENTIFIER | |
| control field | NUST |
| 005 - DATE AND TIME OF LATEST TRANSACTION | |
| control field | 20210505114954.0 |
| 008 - FIXED-LENGTH DATA ELEMENTS--GENERAL INFORMATION | |
| fixed length control field | 731026m19539999pk 001 0 eng |
| 010 ## - LIBRARY OF CONGRESS CONTROL NUMBER | |
| LC control number | 73174794 |
| 038 ## - RECORD CONTENT LICENSOR | |
| Staff Name | Atta |
| 040 ## - CATALOGING SOURCE | |
| Original cataloging agency | DLC |
| Transcribing agency | DLC |
| Modifying agency | DLC |
| 043 ## - GEOGRAPHIC AREA CODE | |
| Geographic area code | a-pk--- |
| 050 00 - LIBRARY OF CONGRESS CALL NUMBER | |
| Classification number | LAW |
| 082 00 - DEWEY DECIMAL CLASSIFICATION NUMBER | |
| Classification number | 348.549/1044 |
| -- | 345.4910844 |
| Edition number | 19 |
| 245 04 - TITLE STATEMENT | |
| Title | The All-Pakistan legal decisions (PLD) Lahore 1914-1947. |
| Remainder of title | Containing cases decided by the Privy Council, Federal Court of India, High Courts of Calcutta & Lahore, the Chief Court of Sind and the Court of Judicial Commissioner, Peshawar. |
| Statement of responsibility, etc. | Editor: Muhammad Ashraf. |
| 260 ## - PUBLICATION, DISTRIBUTION, ETC. | |
| Place of publication, distribution, etc. | Lahore, |
| Name of publisher, distributor, etc. | All-Pakistan Legal Decisions, |
| Date of publication, distribution, etc. | [1953- |
| 300 ## - PHYSICAL DESCRIPTION | |
| Extent | v. |
| Dimensions | 26 cm. |
| 500 ## - GENERAL NOTE | |
| General note | "Approved by the High Court of Judicature at Lahore, vide letter no. 7461-Genl./11-C, 44 dated 13th November 1949." |
| 563 ## - BINDING INFORMATION | |
| Binding note | pbk |
| 650 #0 - SUBJECT ADDED ENTRY--TOPICAL TERM | |
| Topical term or geographic name entry element | Law reports, digests, etc. |
| Geographic subdivision | Pakistan. |
| 9 (RLIN) | 55140 |
| 700 1# - ADDED ENTRY--PERSONAL NAME | |
| Personal name | Ashraf, Mohammad, |
| Relator term | ed. |
| 9 (RLIN) | 55141 |
| 710 1# - ADDED ENTRY--CORPORATE NAME | |
| Corporate name or jurisdiction name as entry element | Great Britain. |
| Subordinate unit | Privy Council. |
| 9 (RLIN) | 55142 |
| 906 ## - LOCAL DATA ELEMENT F, LDF (RLIN) | |
| a | 7 |
| b | cbc |
| c | orignew |
| d | 3 |
| e | ncip |
| f | 19 |
| g | y-gencatlg |
| 942 ## - ADDED ENTRY ELEMENTS (KOHA) | |
| Source of classification or shelving scheme | |
| Koha item type | Continuing Resources |
| Withdrawn status | Lost status | Source of classification or shelving scheme | Damaged status | Not for loan | Permanent Location | Current Location | Shelving location | Date acquired | Total Checkouts | Full call number | Barcode | Date last seen | Price effective from | Koha item type | Date last checked out |
|---|---|---|---|---|---|---|---|---|---|---|---|---|---|---|---|
| Central Library (CL) | Central Library (CL) | Reference | 05/05/2021 | Vol-LXXIII, No-4 Apr 2021 | S-99493 | 05/05/2021 | 05/05/2021 | Continuing Resources | |||||||
| Central Library (CL) | Central Library (CL) | Reference | 05/20/2021 | Vol-LXXIII, No-1 Jan 2021 | S-99519 | 05/20/2021 | 05/20/2021 | Continuing Resources | |||||||
| Central Library (CL) | Central Library (CL) | Reference | 05/26/2021 | Vol-LXXIII, No-3 Mar 2021 | S-99535 | 05/26/2021 | 05/26/2021 | Continuing Resources | |||||||
| Central Library (CL) | Central Library (CL) | Reference | 05/26/2021 | Vol-LXXIII, No-2 Feb 2021 | S-99533 | 05/26/2021 | 05/26/2021 | Continuing Resources | |||||||
| Central Library (CL) | Central Library (CL) | Reference | 06/14/2021 | Vol-LXXIII, No-5 May 2021 | S-3274 | 06/14/2021 | 06/14/2021 | Continuing Resources | |||||||
| Central Library (CL) | Central Library (CL) | Reference | 07/05/2021 | Vol-LXXIII, No-6 Jun 2021 | S-3332 | 07/05/2021 | 07/05/2021 | Continuing Resources | |||||||
| Central Library (CL) | Central Library (CL) | Reference | 09/06/2021 | Vol-LXXIII, No-8 Aug 2021 | S-3485 | 09/06/2021 | 09/06/2021 | Continuing Resources | |||||||
| Central Library (CL) | Central Library (CL) | Reference | 09/06/2021 | Vol-LXXIII, No-7 Jul 2021 | S-3407 | 09/06/2021 | 09/06/2021 | Continuing Resources | |||||||
| Central Library (CL) | Central Library (CL) | Reference | 10/13/2021 | Vol-LXXIII, No-9 Sep 2021 | S-3564 | 10/13/2021 | 10/13/2021 | Continuing Resources | |||||||
| Central Library (CL) | Central Library (CL) | Reference | 11/10/2021 | 1 | Vol-LXXIII, No-10 Oct 2021 | S-3646 | 02/24/2022 | 11/10/2021 | Continuing Resources | 02/15/2022 | |||||
| Central Library (CL) | Central Library (CL) | Reference | 12/15/2021 | Vol-LXXIII, No-11 Nov 2021 | S-3738 | 12/15/2021 | 12/15/2021 | Continuing Resources | |||||||
| Central Library (CL) | Central Library (CL) | Reference | 01/12/2022 | Vol-LXXIII, Part-12 Dec 2021 | S-3781 | 01/12/2022 | 01/12/2022 | Continuing Resources |
